| 000 | 00617nam a22002057a 4500 | ||
|---|---|---|---|
| 005 | 20260316081027.0 | ||
| 008 | 260316b |||||||| |||| 00| 0 eng d | ||
| 020 | _a9780323810180 | ||
| 050 |
_aRG951 _bM38 2024 |
||
| 245 | _a Maternity & women's health care | ||
| 250 | _a13th edition. | ||
| 260 |
_a St. Louis, Missouri : _bElsevier, _c2024 |
||
| 300 |
_a xxvii, 878 pages : _bill.; _c28 cm |
||
| 500 | _a Includes bibliographical references and index. | ||
| 650 | _aMaternity nursing. | ||
| 650 | _aGynecologic nursing. | ||
| 650 | _aPregnancy | ||
| 700 | _a Lowdermilk, Deitra Leonard, | ||
| 942 |
_2lcc _cBK |
||
| 999 |
_c60264 _d60264 |
||